Statistics for maths

Click here to take the quiz!

General Stats

  • This quiz has been taken 199 times
  • The average score is 13 of 15

Answer Stats

HintAnswer% Correct
11x11121
99%
11x12132
97%
11x54594
94%
11x33363
92%
11x36396
92%
11x90990
92%
11x25275
91%
11x65715
91%
11x72792
91%
11x32352
90%
11x81891
90%
11x43473
89%
11x62682
89%
84x11924
85%
11x28310
13%

Score Distribution

Percentile by Number Answered

Percent of People with Each Score

Your Score History

You have not taken this quiz